| 000 | 00856nam a2200253Ia 4500 | ||
|---|---|---|---|
| 003 | GCL | ||
| 008 | 140319s9999 xx 000 0 ara d | ||
| 040 |
_aGCL / _cGCL |
||
| 082 | 0 | 4 |
_a324.569 _bم ا |
| 100 | 1 | _aاحمد صدقى الدجانى | |
| 245 | 1 | 0 |
_aانتخابات الكنيست الثانى عشر فى اسرائيل / _cاحمد صدقى الدجانى |
| 700 | 1 | _aمركز البحوث والدراسات السياسية | |
| 700 | 1 | _aالسيد عليوة | |
| 700 | 1 | _aاشرف راضى | |
| 260 |
_a[S.N] : _bمركز البحوث والدراسات السياسية ، _c1989 |
||
| 300 | _a203 ص | ||
| 490 | _a | ||
| 650 | 0 | 4 | _aالاحوال السياسية |
| 650 | 0 | 4 | _aالانتخابات |
| 650 | 0 | 4 | _aاسرائيل |
| 650 | 0 | 4 | _aالاحزاب السياسية |
| 650 | 0 | 4 | _aالكنيست |
| 942 |
_2ddc _cBK |
||
| 999 |
_c30846 _d30846 |
||